000 00900nam a22002297a 4500
999 _c681
_d681
001 681
003 BD-JhCC
005 20220804134023.0
008 171008s2003 bg |||| |||| 000 0 ben d
020 _a9841105509
035 _a(BD-JhCC)681
040 _aBD-JhCC
_dBD-JhCC
041 _aeng
082 _a954.9205
_bULL 2003
100 _aউল্লাহ, কর্নেল (অব.) মোহাম্মদ সফিক
_cবীর প্রতীক
245 _aমুক্তিযুদ্ধে বাংলার নারী /
_cকর্নেল (অব.) মোহাম্মদ সফিক উল্লাহ
260 _aঢাকা:
_bআহমদ পাবলিশিং হাউস,
_c২০০৩.
300 _a১৬০ পৃ. :
_c২২ সেমি.
650 _aHistory Liberation War, 1971
_zBangladesh
942 _2ddc
_cBK
_01